Представление документа в формате MARC21

Поле Инд. ПП Название Значение
Тип записи a
Библиографический уровень b
001 Контрольный номер 5c04d0faa7bc42ff83472cb705f89215
005 Дата корректировки 20210828074248.7
040 a Служба первич. каталог. РИНЦ
041 0_ a Код языка текста rus
084 a Индекс другой классификации/Индекс ББК 71.0; 60.546.7
097 a Чагина С.Г.
097 a Назина Л.Н.
100 1_ a Автор Багдасарьян Н. Г.
g Прочие сведения РИНЦ AuthorID: 120295 (http://elibrary.ru/author_items.asp?authorid=120295)
g Прочие сведения SPIN-код: 7891-3750
q Полное имя Багдасарьян Надежда Гегамовна
c Титул (звания) профессор (ученое звание); доктор философских наук
i 000089095
k Кафедра социологии и гуманитарных наук; Факультет социальных и гуманитарных наук
u Дополнение Багдасарьян Н. Г.
245 10 a Заглавие Творческая личность в этнокультурном пространстве и задачи образования
650 04 a Основная рубрика культурология; теоретическая культурология (фундаментальная культурология); социальные науки (общественные науки); социология; социология групп; территориальные сообщества
773 18 t Название источника Вестник Московского государственного университета культуры и искусств
b Сведения об издании Московский государственный институт культуры (Химки)
c Москва
d Место и дата издания 2012
m Специф. данные журнал из перечня ВАК
m Специф. данные ненулевой импакт-фактор
g Прочая информация № 3 (47). - С. 26 - 30
n Примечание http://elibrary.ru/contents.asp?issueid=1028452
w Контрольный № источника 0
856 40 u URL http://elibrary.ru/item.asp?id=17912253
901 t Тип документа b
952 c Вид литературы статья в журнале